| 000 | 00791cam a2200241 a 4500 | ||
|---|---|---|---|
| 001 | 2422357 | ||
| 005 | 20250214182331.0 | ||
| 008 | 870731s1988 mnua b 001 0 eng | ||
| 020 | _a0314599967 | ||
| 020 | _a9780314599964 | ||
| 050 | 0 | 0 |
_aBF39 _b.G72 1988 |
| 082 | 0 | 0 |
_a519.5 _219 |
| 100 | 1 | _aGravetter, Frederick J. | |
| 245 | 1 | 0 |
_aStatistics for the behavioral sciences : _ba first course for students of psychology and education / _cFrederick J. Gravetter, Larry B. Wallnau. |
| 250 | _a2nd ed. | ||
| 260 |
_aSt. Paul, MN : _bWest Pub. Co., _cc1988. |
||
| 300 |
_axii, 531 p. : _bcol. ill. ; _c27 cm. |
||
| 500 | _aIncludes index. | ||
| 650 | 0 |
_aPsychology _xStatistical methods. |
|
| 650 | 0 | _aEducational statistics. | |
| 700 | 1 | _aWallnau, Larry B. | |
| 942 |
_2lcc _cBK _e2nd Ed. _n0 |
||
| 999 |
_c3882 _d3882 |
||